00386cam a22001217a 4500008004000000082001400040245009300054260003900147300001000186650002600196650002000222700002200242180718b1971 xxu||||| |||| 00| 0 eng d aB123 Sm53 aConflict resolution: contribution of the behavioral sciencescedited by Glagolt G. Smith aNotre DamebNotre Dame Univ.c1971 a553p. aConflict (Psychology) aSocial conflict aSmith, Glagolt G.